Statistics for Mga Bansa ng Mundo

Click here to take the quiz!

General Stats

  • This quiz has been taken 167 times
  • The average score is 63 of 196

Answers on the Map

Answers color-coded by a green-red scale on the quiz's map according to % correct below.
 

Answer Stats

Country% Correct
Canada
75%
Pilipínas
70%
Brasil
63%
India
63%
Australia
57%
Indonesia
57%
Malaysia
52%
Estados Unidos
50%
Peru
49%
Sweden
48%
Chile
47%
Byetnam
46%
Iran
46%
Mongolia
46%
Sudan
46%
Cuba
45%
Paragway
45%
Demokratikong Republika
ng Congo
44%
Ecuador
44%
Finland
44%
Iraq
44%
Nepal
44%
Algeria
43%
Colombia
43%
Hapon
43%
Libya
43%
Mali
43%
Oman
43%
Pakistan
43%
Thailand
43%
Urugway
43%
Bhutan
42%
Denmark
42%
Guwatemala
42%
Madagascar
42%
Poland
42%
Portugal
42%
Tsina
42%
Venezuela
42%
Yemen
42%
Apganistan
41%
Kambodya
41%
Laos
41%
Panama
41%
Republika ng Congo
41%
Somalia
41%
Ethiopia
40%
Guyana
40%
Nicaragua
40%
Niger
40%
Qatar
40%
Rusya
40%
Anggola
39%
Chad
39%
Kenya
39%
Saudi Arabia
39%
Taiwan
39%
Turkey
39%
Ukraine
39%
Bahamas
38%
Costa Rica
38%
Israel
38%
Nigeria
38%
Palau
38%
Papua New Guinea
38%
Suriname
38%
Bangladesh
37%
Benin
37%
Dominica
37%
El Salvador
37%
Espanya
37%
Iceland
37%
Myanmar
37%
Singapore
37%
Togo
37%
Tunisia
37%
Belize
36%
Ghana
36%
Honduras
36%
Kuwait
36%
Namibia
36%
Sri Lanka
36%
Tanzania
36%
United Arab Emirates
36%
Zambia
36%
Zimbabwe
36%
Bahrein
35%
Belarus
35%
Botswana
35%
Lesotho
35%
Uzbekistan
35%
Armenya
34%
Awstrya
34%
Eritrea
34%
Georgia
34%
Ginea
34%
Mauritania
34%
Mozambique
34%
Samoa
34%
Senegal
34%
Timog Korea
34%
Uganda
34%
Cameroon
33%
Fiji
33%
Gabon
33%
Ginea-Bissau
33%
Hilagang Korea
33%
Kyrgyzstan
33%
Malawi
33%
New Zealand
33%
Tajikistan
33%
Turkmenistan
33%
Djibouti
32%
Estonia
32%
Romania
32%
Tuvalu
32%
Antigua at Barbuda
31%
Azerbaijan
31%
Burkina Faso
31%
Italya
31%
Kiribati
31%
Malta
31%
Rwanda
31%
Brunei
30%
Burundi
30%
Liberia
30%
Lithuania
30%
Maldives
30%
Moldova
30%
Nauru
30%
Netherlands
30%
Serbiya
30%
Tonga
30%
Vanuatu
30%
Barbados
29%
Lebanon
29%
Timog Africa
29%
Trinidad at Tobago
29%
Ang Gambiya
28%
Comoros
28%
Hungary
28%
Mauritius
28%
Seychelles
28%
Sierra Leone
28%
Swaziland
28%
Alemanya
27%
Andorra
27%
Santa Lucia
27%
Santo Vincent at ang
Grenadines
27%
Bosnia at
Herzegovina
26%
Kazakstan
26%
Kosovo
26%
Mehico
26%
Montenegro
26%
Timog Sudan
26%
Grenada
25%
San Marino
25%
Santo Kitts at Nevis
25%
Arhentina
24%
Luxembourg
24%
Macedonia
24%
Monaco
24%
Sirya
24%
Bulgarya
23%
Silangang Timor
23%
Côte d'Ivoire
22%
Ehipto
21%
Bulibya
20%
Liechtenstein
19%
Albanya
18%
Hayti
18%
Hamayka
17%
Pransiya
17%
Gresya
14%
Reyno Unido
12%
Irlanda
10%
Lungsod ng
Vaticano
10%
Santo Tomas at
Prinsipe
9%
Kroasya
8%
Mga Estadong Pederado
ng Mikronesya
8%
Hordanya
7%
Latbiya
7%
Norwega
7%
Republikang Dominikana
7%
Republika ng
Gitnang Aprika
6%
Maruekos
5%
Tsipre
5%
Belhika
4%
Eslobenya
4%
Kabo Berde
4%
Kapuluang Marshall
4%
Suwisa
4%
Eslobakya
3%
Gineang Ekwatoriyal
3%
Kapuluang Salomon
3%
Republikang Tseko
3%

Score Distribution

Percentile by Number Answered

Percent of People with Each Score

Your Score History

You have not taken this quiz